000 01187cam a22003857a 4500
003 CHAP
005 20220817043503.0
008 990211d1997 it a r 00110 fre d
010 _a76506
011 _a77478
020 _a92520366652
035 _a87085
040 _cCHAP
082 0 4 _a631.8
_bF54f v. 12
110 2 _aFAO
245 1 0 _aSystèmes intégrés de nutrition des plantes
_c/par R. Dudal et R. N. Roy
260 _aRome :
_bFAO,
_c1997.
300 _a448 p. :
_bilus. ; gráfs. ; cuadros
410 2 _aFAO
490 0 _aFertilizantes y nutrición
_v; 12
590 _aBATCH-UPD
_b10
_c20130110
_lUCH01
_h1203
590 _aBATCH-UPD
_b10
_c20130410
_lUCH01
_h0745
590 _aBATCH-UPD
_b10
_c20130914
_lUCH01
_h1345
590 _aCONVERSION
_b10
_c20130109
_lUCH01
_h1342
650 1 4 _aFertilizantes
_xEfecto en plantas.
650 1 4 _aPlantas
_xNutrición.
_988874
700 0 _aDudal, R.
_934381
700 0 _aRoy, R. N.
_9100372
810 0 _aFAO
830 0 0 _aFertilizantes y nutrición
_v; 12
_940648
901 _aBK
905 _aLilia Sánchez G.
942 _cLIBRO
949 _a631.8 F54f v.12
_bBC
_cFAO
_d33724000709465
_eFAO1
_h94478
_i87085
_kDonaciØn
_sb
999 _c76506
_d76506